|
|
|
|
| LEADER |
00000cam a2200000 a 4500 |
| 001 |
vtls001364213 |
| 003 |
SK-MaSNL |
| 005 |
20260301201134.0 |
| 008 |
210928s1973 xr 0000f cze |
| 035 |
|
|
|a SNK000317853
|
| 040 |
|
|
|a SNK
|b slo
|c SNK
|e AACR2
|
| 041 |
1 |
|
|a cze
|h fre
|
| 044 |
|
|
|a xr
|c CZ
|
| 080 |
|
|
|a 821.133.1-311.6=162.3
|2 2001
|
| 100 |
1 |
|
|a Dumas, Alexandre,
|d 1802-1870
|4 aut
|9 209232
|
| 240 |
1 |
3 |
|a Le chevalier de Maison-Rouge
|l Česky
|
| 245 |
1 |
0 |
|a Rytíř de Maison-Rouge 2
|c Alexandre Dumas ; [z francouzského originálu přeložil Ladislav Jehlička]
|
| 250 |
|
|
|a 1. vyd.
|
| 260 |
|
|
|a Praha
|b Svoboda
|c 1973
|
| 300 |
|
|
|a 388 s.
|
| 490 |
1 |
|
|a Omnia
|
| 655 |
|
7 |
|a francúzske romány
|2 SNKPH
|9 70252
|
| 655 |
|
7 |
|a historické romány
|2 SNKPH
|9 70253
|
| 655 |
|
7 |
|a dobrodružné romány
|2 SNKPH
|9 70486
|
| 700 |
1 |
|
|a Jehlička, Ladislav,
|d 1916-1996
|4 trl
|9 209162
|
| 700 |
1 |
|
|a Polišenský, Josef,
|d 1915-2001
|4 aui
|9 114607
|
| 787 |
0 |
8 |
|i Zcyklu:
|t Paměti lékařovy
|g 5
|
| 830 |
|
0 |
|a Omnia
|9 290935
|
| 958 |
|
|
|a OND
|
| 999 |
|
|
|c 893539
|d 895469
|
| 952 |
|
|
|t P60, <05>, [BOOK], {605}
|a SNK
|b SNK
|y PREZ
|7 0
|p 17A0195490
|o snkID 60360/2 D1
|0 0
|1 1
|4 0
|d 1999-05-26
|l 0
|r 2005-01-02 00:00:00
|w 2026-02-24
|